[Event "Lloyds Bank Masters 14th"]
[Site "London"]
[Date "1990.08.25"]
[Round "8"]
[White "Brynell, Stellan"]
[Black "Wells, Peter K"]
[Result "0-1"]
[WhiteElo "2405"]
[BlackElo "2415"]
[PlyCount "94"]
[EventDate "1990.08.18"]
[EventType "swiss"]
[EventRounds "10"]
[EventCountry "ENG"]
[SourceTitle "BritBase"]
[Source "John Saunders"]
[SourceDate "2023.05.21"]
[SourceVersion "1"]
[SourceVersionDate "2023.05.21"]
[SourceQuality "1"]

1. e4 e5 2. Nf3 Nc6 3. Bb5 a6 4. Ba4 Nf6 5. O-O Be7 6. Re1 b5 7. Bb3 d6 8. c3
O-O 9. d4 Bg4 10. d5 Na5 11. Bc2 c6 12. h3 Bxf3 13. Qxf3 cxd5 14. exd5 Nc4 15.
Nd2 Nb6 16. Nf1 Nbxd5 17. Ng3 Nc7 18. Nf5 Ne6 19. a4 b4 20. cxb4 g6 21. Nxe7+
Qxe7 22. Bd2 Nd4 23. Qd3 Nd5 24. Bc3 Nxc2 25. Qxc2 Rac8 26. Qd2 Qb7 27. Rad1
Nf4 28. f3 Rfd8 29. Re4 Ne6 30. Qd5 Qxd5 31. Rxd5 f6 32. Re1 Nf4 33. Ra5 d5 34.
Rxa6 d4 35. Bd2 Nd3 36. Re2 Rc2 37. Kf1 Rxb2 38. g4 Rc8 39. Bh6 Rb1+ 40. Kg2 g5
41. Rxf6 Nf4+ 42. Kf2 Nxe2 43. Kxe2 Rxb4 44. Rf5 Rb3 45. Kf2 e4 46. Bxg5 e3+
47. Kg3 Re8 0-1

[Event "Lloyds Bank Masters 14th"]
[Site "London"]
[Date "1990.08.25"]
[Round "8"]
[White "Cavendish, James"]
[Black "Yeo, Michael J"]
[Result "1-0"]
[WhiteElo "2325"]
[BlackElo "2230"]
[PlyCount "67"]
[EventDate "1990.08.18"]
[EventType "swiss"]
[EventRounds "10"]
[EventCountry "ENG"]
[SourceTitle "BritBase"]
[Source "John Saunders"]
[SourceDate "2023.05.21"]
[SourceVersion "1"]
[SourceVersionDate "2023.05.21"]
[SourceQuality "1"]

1. d4 d5 2. Nf3 Nc6 3. Bf4 Bg4 4. e3 e6 5. h3 Bh5 6. c4 Bb4+ 7. Nc3 Nge7 8. Rc1
O-O 9. Bd3 Bg6 10. O-O Bxc3 11. Rxc3 dxc4 12. Rxc4 Nd5 13. Bg3 Bxd3 14. Qxd3
Nb6 15. Rcc1 Rc8 16. Rfd1 Ne7 17. e4 c6 18. Qa3 Ra8 19. Ne5 Ng6 20. Nd3 f5 21.
Nc5 Qe7 22. Qb3 f4 23. Nxe6 fxg3 24. Nxf8+ Kxf8 25. fxg3 Rd8 26. Rf1+ Ke8 27.
Qg8+ Nf8 28. e5 Nd5 29. Rf3 Nc7 30. Rcf1 Nce6 31. Rf7 Qb4 32. Rxf8+ Qxf8 33.
Rxf8+ Nxf8 34. e6 1-0

[Event "Lloyds Bank Masters 14th"]
[Site "London"]
[Date "1990.08.25"]
[Round "8"]
[White "Coleman, David J"]
[Black "Bradbury, Neil H"]
[Result "1-0"]
[WhiteElo "2235"]
[BlackElo "2370"]
[PlyCount "77"]
[EventDate "1990.08.18"]
[EventType "swiss"]
[EventRounds "10"]
[EventCountry "ENG"]
[SourceTitle "BritBase"]
[Source "John Saunders"]
[SourceDate "2023.05.21"]
[SourceVersion "1"]
[SourceVersionDate "2023.05.21"]
[SourceQuality "1"]

1. e4 c6 2. d4 d5 3. exd5 cxd5 4. c4 Nf6 5. Nc3 Nc6 6. Bg5 Qa5 7. Bxf6 exf6 8.
cxd5 Bb4 9. Qd2 Bxc3 10. bxc3 Qxd5 11. Nf3 O-O 12. Be2 Na5 13. O-O Bd7 14. Rfc1
Rac8 15. Qf4 Rfe8 16. Bd3 b5 17. Nd2 f5 18. Nf3 f6 19. h4 a6 20. h5 Nc4 21. Nh4
Nd6 22. f3 Re7 23. a4 bxa4 24. Bxa6 Rce8 25. Bd3 Re3 26. c4 Qc6 27. Bf1 Nf7 28.
Nxf5 Bxf5 29. Qxf5 Ng5 30. c5 Qc7 31. Qg4 g6 32. hxg6 hxg6 33. d5 Qe5 34. Rxa4
Kg7 35. f4 Qb2 36. fxg5 Qxc1 37. gxf6+ Kxf6 38. Qf4+ Kg7 39. Ra7+ 1-0

[Event "Lloyds Bank Masters 14th"]
[Site "London"]
[Date "1990.08.25"]
[Round "8"]
[White "Ernst, Thomas"]
[Black "Fatin, Tarek"]
[Result "1-0"]
[WhiteElo "2440"]
[BlackElo "2375"]
[PlyCount "147"]
[EventDate "1990.08.18"]
[EventType "swiss"]
[EventRounds "10"]
[EventCountry "ENG"]
[SourceTitle "BritBase"]
[Source "John Saunders"]
[SourceDate "2023.05.21"]
[SourceVersion "1"]
[SourceVersionDate "2023.05.21"]
[SourceQuality "1"]

1. e4 c5 2. Nf3 e6 3. d4 cxd4 4. Nxd4 Nc6 5. Nb5 d6 6. c4 a6 7. N5c3 Nf6 8. Be2
Be7 9. O-O O-O 10. Na3 b6 11. Be3 Bb7 12. Qb3 Nd7 13. Rfd1 Rb8 14. Rac1 Nc5 15.
Qc2 Qc7 16. Qb1 Nb4 17. Nc2 Nxc2 18. Qxc2 Rbc8 19. f3 Rfe8 20. Qd2 Qb8 21. Bf4
e5 22. Be3 Nd7 23. b4 Bf8 24. Rc2 Bc6 25. Rdc1 h6 26. Nd5 Qb7 27. Rc3 Ra8 28.
Bf1 Reb8 29. b5 Bxd5 30. cxd5 Nc5 31. bxa6 Nxa6 32. Bb5 Ra7 33. Bxa6 Qxa6 34.
a3 Rab7 35. Rb3 Be7 36. Rc6 Qa4 37. Qd3 b5 38. Bd2 Qa7+ 39. Kf1 Qa4 40. Bb4 Rd8
41. Rbc3 Kh7 42. g3 Qa7 43. Kg2 Rdd7 44. Qe3 Qa4 45. Qd3 g6 46. Rc2 Qa7 47. Rf2
Qb8 48. f4 Bf6 49. f5 g5 50. Rfc2 Be7 51. f6 Bxf6 52. Qf3 Bd8 53. Qf5+ Kg8 54.
Rc8 Qa7 55. R2c6 Qe3 56. Rxd6 Qe2+ 57. Kg1 Qd1+ 58. Qf1 Qd4+ 59. Qf2 Rxd6 60.
Qxd4 exd4 61. Bxd6 Rd7 62. Bc5 Kh7 63. d6 d3 64. Kf2 Kg6 65. Ke3 Bb6 66. e5
Bxc5+ 67. Rxc5 f6 68. Ke4 Rd8 69. Rd5 fxe5 70. Rxd3 Kf6 71. Kd5 g4 72. Rd1 e4
73. Rf1+ Kg6 74. Rf4 1-0

[Event "Lloyds Bank Masters 14th"]
[Site "London"]
[Date "1990.08.25"]
[Round "8"]
[White "Flear, Glenn C"]
[Black "Mortazavi, Ali"]
[Result "1-0"]
[WhiteElo "2485"]
[BlackElo "2285"]
[PlyCount "87"]
[EventDate "1990.08.18"]
[EventType "swiss"]
[EventRounds "10"]
[EventCountry "ENG"]
[SourceTitle "BritBase"]
[Source "John Saunders"]
[SourceDate "2023.05.21"]
[SourceVersion "1"]
[SourceVersionDate "2023.05.21"]
[SourceQuality "1"]

1. d4 Nf6 2. c4 c5 3. d5 g6 4. Nc3 Bg7 5. e4 O-O 6. Nf3 d6 7. h3 e6 8. Bd3 exd5
9. exd5 Re8+ 10. Be3 Nh5 11. O-O f5 12. Bg5 Nf6 13. Qd2 Na6 14. a3 Nc7 15. b4
b6 16. bxc5 bxc5 17. Rab1 Qe7 18. Bc2 Ba6 19. Ba4 Red8 20. Rfe1 Qf8 21. Bc6
Rab8 22. Qd3 h6 23. Bd2 Qf7 24. Bf4 Rxb1 25. Rxb1 Qe7 26. Re1 Qf7 27. Nh2 Kh7
28. Ba4 Nh5 29. Bd2 Rb8 30. Bd1 Nf6 31. Bf4 Rd8 32. Bf3 Re8 33. Rxe8 Nfxe8 34.
Ne2 Na8 35. Nf1 Nb6 36. Nd2 Be5 37. g3 Qf6 38. Bg2 Nc7 39. Kh2 Nca8 40. Bxe5
Qxe5 41. f4 Qe7 42. Bf3 Nxc4 43. Nxc4 Nb6 44. Qe3 1-0

[Event "Lloyds Bank Masters 14th"]
[Site "London"]
[Date "1990.08.25"]
[Round "8"]
[White "Ginsburg, Mark"]
[Black "Howell, James C"]
[Result "0-1"]
[WhiteElo "2420"]
[BlackElo "2415"]
[PlyCount "114"]
[EventDate "1990.08.18"]
[EventType "swiss"]
[EventRounds "10"]
[EventCountry "ENG"]
[SourceTitle "BritBase"]
[Source "John Saunders"]
[SourceDate "2023.05.21"]
[SourceVersion "1"]
[SourceVersionDate "2023.05.21"]
[SourceQuality "1"]

1. d4 Nf6 2. Nf3 g6 3. c4 Bg7 4. Nc3 O-O 5. e4 d6 6. Be2 e5 7. O-O Nc6 8. d5
Ne7 9. Bg5 Nh5 10. Ne1 Nf4 11. Nd3 Nxe2+ 12. Qxe2 f6 13. Be3 f5 14. f3 f4 15.
Bf2 g5 16. c5 h5 17. Rac1 Bd7 18. b4 g4 19. b5 Ng6 20. Kh1 b6 21. cxd6 cxd6 22.
a4 Bf6 23. Na2 Bh4 24. Nab4 Rf7 25. Rc6 Qf6 26. Nb2 gxf3 27. gxf3 Bxf2 28. Qxf2
Bxc6 29. dxc6 Ne7 30. Nc4 Qe6 31. Qa2 Raf8 32. Rd1 Nc8 33. Nxd6 Qxa2 34. Nxa2
Rd8 35. Rg1+ Rg7 36. Rxg7+ Kxg7 37. Nxc8 Rxc8 38. Nc3 Kf7 39. Kg2 Ke6 40. Nd5
Rg8+ 41. Kh3 Rg1 42. c7 Kd7 43. Kh4 Rf1 44. Kxh5 Rxf3 45. Kg4 Rf1 46. h4 Rg1+
47. Kf3 Rg3+ 48. Kf2 Rh3 49. Ne7 Kxc7 50. Nf5 f3 51. Ke3 Kd7 52. Kf2 Ke6 53. h5
Kf6 54. h6 Kg5 55. Ke3 Rxh6 56. Nxh6 Kxh6 57. Kxf3 Kh5 0-1

[Event "Lloyds Bank Masters 14th"]
[Site "London"]
[Date "1990.08.25"]
[Round "8"]
[White "Murshed, Niaz"]
[Black "Sturua, Zurab"]
[Result "0-1"]
[WhiteElo "2465"]
[BlackElo "2470"]
[PlyCount "84"]
[EventDate "1990.08.18"]
[EventType "swiss"]
[EventRounds "10"]
[EventCountry "ENG"]
[SourceTitle "BritBase"]
[Source "John Saunders"]
[SourceDate "2023.05.21"]
[SourceVersion "1"]
[SourceVersionDate "2023.05.21"]
[SourceQuality "1"]

1. d4 d5 2. c4 e6 3. Nc3 Be7 4. Nf3 Nf6 5. cxd5 exd5 6. Qc2 c6 7. Bg5 O-O 8. e3
Nbd7 9. Bd3 Re8 10. O-O Nf8 11. Rae1 h6 12. Bh4 Ne4 13. Bxe7 Qxe7 14. Bxe4 dxe4
15. Nd2 f5 16. d5 Ng6 17. f3 exf3 18. Nxf3 Qc5 19. dxc6 bxc6 20. Nd4 Ne7 21.
Qb3+ Kh8 22. Rf2 Bd7 23. Rd1 Rab8 24. Qc2 Nd5 25. Nxd5 Qxd5 26. Ne2 Qe6 27. Nf4
Qf7 28. b3 Rb7 29. Qc3 Kh7 30. Rfd2 Re4 31. Rd6 Be8 32. h4 Qe7 33. R1d3 Qxh4
34. Ne6 Re7 35. Nd4 Qg4 36. Nf3 f4 37. R3d4 fxe3 38. Rxe4 Qxe4 39. Qe1 Bh5 40.
Rd4 Qf5 41. Nh4 Qf6 42. Qb1+ g6 0-1

[Event "Lloyds Bank Masters 14th"]
[Site "London"]
[Date "1990.08.25"]
[Round "8"]
[White "Naumkin, Igor"]
[Black "Ward, Christopher G"]
[Result "1-0"]
[WhiteElo "2445"]
[BlackElo "2460"]
[PlyCount "67"]
[EventDate "1990.08.18"]
[EventType "swiss"]
[EventRounds "10"]
[EventCountry "ENG"]
[SourceTitle "BritBase"]
[Source "John Saunders"]
[SourceDate "2023.05.21"]
[SourceVersion "1"]
[SourceVersionDate "2023.05.21"]
[SourceQuality "1"]

1. d4 e6 2. c4 Bb4+ 3. Bd2 a5 4. Nf3 d6 5. Nc3 f5 6. Qc2 Nf6 7. e3 O-O 8. Bd3
Nc6 9. a3 Bxc3 10. Bxc3 Qe8 11. h3 Qg6 12. g4 Ne4 13. gxf5 exf5 14. Rg1 Qf6 15.
Bxe4 fxe4 16. d5 Ne5 17. Nxe5 dxe5 18. O-O-O Bf5 19. Rg3 Bg6 20. Rdg1 c6 21.
Rg5 cxd5 22. Bxe5 Qxf2 23. Qxf2 Rxf2 24. cxd5 Raf8 25. d6 Rf1+ 26. Rxf1 Rxf1+
27. Kd2 Kf7 28. Bf4 Ke6 29. Rxa5 Rh1 30. Rd5 Kd7 31. Rb5 Kc6 32. Rb6+ Kc5 33.
d7 Bh5 34. Bd6+ 1-0

[Event "Lloyds Bank Masters 14th"]
[Site "London"]
[Date "1990.08.25"]
[Round "8"]
[White "Pein, Malcolm"]
[Black "Thomson, Craig SM"]
[Result "0-1"]
[WhiteElo "2420"]
[BlackElo "2335"]
[PlyCount "150"]
[EventDate "1990.08.18"]
[EventType "swiss"]
[EventRounds "10"]
[EventCountry "ENG"]
[SourceTitle "BritBase"]
[Source "John Saunders"]
[SourceDate "2023.05.21"]
[SourceVersion "1"]
[SourceVersionDate "2023.05.21"]
[SourceQuality "1"]

1. Nf3 Nf6 2. c4 g6 3. Nc3 Bg7 4. d4 O-O 5. e4 d6 6. Be2 e5 7. d5 a5 8. Be3 Ng4
9. Bg5 f6 10. Bh4 Nd7 11. Nd2 Nh6 12. f3 c5 13. Qc2 Nf7 14. Bf2 Nh6 15. h4 f5
16. h5 f4 17. hxg6 hxg6 18. O-O-O Nf6 19. Rdg1 Nh5 20. Nf1 Nf7 21. Bd1 Ng5 22.
Nb5 Bf6 23. Be1 Rf7 24. Nh2 Be7 25. Ng4 Bxg4 26. fxg4 Nf6 27. Rh6 Rg7 28. Rgh1
Nf7 29. R6h3 Rh7 30. Rxh7 Nxh7 31. g3 fxg3 32. Bxg3 Bg5+ 33. Kb1 Nf6 34. Qh2
Kg7 35. Bh4 Bxh4 36. Qxh4 g5 37. Qe1 Qe7 38. a3 b6 39. Qe3 Rh8 40. Rf1 Rh4 41.
Rg1 Kg6 42. Qb3 Qd8 43. Nc3 Nh6 44. Na4 Nhxg4 45. Nxb6 Nxe4 46. Bc2 Ngf6 47.
Qb5 Kh6 48. Qa6 g4 49. Qb7 Ng5 50. Nc8 e4 51. Ne7 Qd7 52. Qxd7 Nxd7 53. Nf5+
Kh5 54. Ba4 Nf3 55. Rc1 Nf6 56. b4 axb4 57. axb4 cxb4 58. c5 dxc5 59. d6 Kg5
60. d7 Nxd7 61. Nxh4 Kxh4 62. Bxd7 e3 63. Rc2 Nd2+ 64. Kc1 c4 65. Kd1 g3 66.
Ke2 b3 67. Rc1 b2 68. Rh1+ Kg5 69. Kxe3 b1=Q 70. Rxb1 Nxb1 71. Bc6 Kg4 72. Be4
Na3 73. Bc6 Kh3 74. Kd2 g2 75. Bxg2+ Kxg2 0-1

[Event "Lloyds Bank Masters 14th"]
[Site "London"]
[Date "1990.08.25"]
[Round "8"]
[White "Rashkovsky, Nukhim N"]
[Black "McDonald, Neil R"]
[Result "1-0"]
[WhiteElo "2530"]
[BlackElo "2350"]
[PlyCount "49"]
[EventDate "1990.08.18"]
[EventType "swiss"]
[EventRounds "10"]
[EventCountry "ENG"]
[SourceTitle "BritBase"]
[Source "John Saunders"]
[SourceDate "2023.05.21"]
[SourceVersion "1"]
[SourceVersionDate "2023.05.21"]
[SourceQuality "1"]

1. Nf3 Nf6 2. d4 g6 3. g3 Bg7 4. Bg2 d6 5. O-O O-O 6. a4 Na6 7. Nc3 c5 8. d5
Nb4 9. Nd2 Rb8 10. Nc4 b6 11. e4 Ng4 12. h3 Ne5 13. Nxe5 Bxe5 14. Bh6 Re8 15.
f4 Bd4+ 16. Kh2 e6 17. Nb5 Bxb2 18. Rb1 Bh8 19. dxe6 Rxe6 20. e5 Bb7 21. Nxd6
Bxg2 22. Kxg2 Qd7 23. c3 Nc6 24. Ne4 Qb7 25. Nxc5 1-0

[Event "Lloyds Bank Masters 14th"]
[Site "London"]
[Date "1990.08.25"]
[Round "8"]
[White "Ravikumar, Vaidyanathan"]
[Black "Hebden, Mark"]
[Result "1-0"]
[WhiteElo "2355"]
[BlackElo "2520"]
[PlyCount "79"]
[EventDate "1990.08.18"]
[EventType "swiss"]
[EventRounds "10"]
[EventCountry "ENG"]
[SourceTitle "BritBase"]
[Source "John Saunders"]
[SourceDate "2023.05.21"]
[SourceVersion "1"]
[SourceVersionDate "2023.05.21"]
[SourceQuality "1"]

1. d4 Nf6 2. Nf3 g6 3. e3 Bg7 4. Be2 O-O 5. O-O d6 6. c4 Nc6 7. Nc3 e5 8. a3 a5
9. d5 Nb8 10. Bd2 c5 11. e4 Na6 12. Ne1 Bd7 13. Nd3 Ne8 14. f4 exf4 15. Bxf4
Bd4+ 16. Kh1 f6 17. Bg4 Nac7 18. a4 b6 19. Ra3 Bxg4 20. Qxg4 Qe7 21. Bh6 Ng7
22. Ne2 Na6 23. Rb3 f5 24. exf5 Rxf5 25. Rd1 Qd7 26. h3 Qxa4 27. Nxd4 cxd4 28.
Rxb6 Qxc4 29. Bxg7 Kxg7 30. Rb7+ Rf7 31. Rxf7+ Kxf7 32. Rf1+ Kg7 33. Qd7+ Kh6
34. Rf7 Qxd3 35. Rxh7+ Kg5 36. Qg4+ Kf6 37. Qe6+ Kg5 38. Qe7+ Kf4 39. Rh4+ Kf5
40. Qf7+ 1-0

[Event "Lloyds Bank Masters 14th"]
[Site "London"]
[Date "1990.08.25"]
[Round "8"]
[White "Rogers, Ian"]
[Black "Arkell, Keith C"]
[Result "1-0"]
[WhiteElo "2535"]
[BlackElo "2430"]
[PlyCount "89"]
[EventDate "1990.08.18"]
[EventType "swiss"]
[EventRounds "10"]
[EventCountry "ENG"]
[SourceTitle "BritBase"]
[Source "John Saunders"]
[SourceDate "2023.05.21"]
[SourceVersion "1"]
[SourceVersionDate "2023.05.21"]
[SourceQuality "1"]

1. d4 Nf6 2. Nf3 e6 3. e3 c5 4. Bd3 b6 5. O-O cxd4 6. exd4 Be7 7. Re1 O-O 8. c3
Ba6 9. Bc2 d6 10. Nbd2 Nbd7 11. Nf1 Re8 12. Ng3 Qc7 13. Ng5 Bf8 14. Qf3 g6 15.
N3e4 Bg7 16. Bf4 e5 17. dxe5 dxe5 18. Nxf6+ Bxf6 19. Be3 h6 20. Ne4 Bg7 21.
Rad1 Red8 22. Qh3 f5 23. Bxh6 fxe4 24. Bb3+ Bc4 25. Bxc4+ Qxc4 26. Bxg7 Kxg7
27. Rxd7+ {Time} Rxd7 28. Qxd7+ Qf7 29. Qxf7+ Kxf7 30. Rxe4 Rd8 31. g3 Rd2 32.
b3 Kf6 33. Ra4 a5 34. b4 axb4 35. Rxb4 Rxa2 36. Rxb6+ Kf5 37. Rb4 e4 38. Rb5+
Kf6 39. h4 Rc2 40. Rc5 Rc1+ 41. Kg2 Rc2 42. Kf1 Ra2 43. g4 Rb2 44. Rc6+ Kf7 45.
Rc4 1-0

[Event "Lloyds Bank Masters 14th"]
[Site "London"]
[Date "1990.08.25"]
[Round "8"]
[White "Sadler, Matthew D"]
[Black "Soltis, Andrew E"]
[Result "1-0"]
[WhiteElo "2470"]
[BlackElo "2400"]
[PlyCount "71"]
[EventDate "1990.08.18"]
[EventType "swiss"]
[EventRounds "10"]
[EventCountry "ENG"]
[SourceTitle "BritBase"]
[Source "John Saunders"]
[SourceDate "2023.05.21"]
[SourceVersion "1"]
[SourceVersionDate "2023.05.21"]
[SourceQuality "1"]

1. d4 Nf6 2. c4 d6 3. Nc3 Nbd7 4. e4 e5 5. Nf3 g6 6. Be2 Bg7 7. O-O O-O 8. Be3
c6 9. Qc2 Ng4 10. Bg5 f6 11. Bh4 Nh6 12. dxe5 dxe5 13. b4 Qe7 14. c5 Re8 15.
Nd2 Nf8 16. Rfd1 Ne6 17. Nb3 Nf4 18. Bf1 Be6 19. b5 Nf7 20. f3 Bxb3 21. axb3
Ne6 22. b4 Nd4 23. Qa2 Bh6 24. Bc4 Kg7 25. Bf2 Ng5 26. bxc6 bxc6 27. Ne2 Nxe2+
28. Qxe2 Red8 29. Rxd8 Rxd8 30. b5 Rd2 31. Qf1 Rc2 32. b6 axb6 33. cxb6 Qb4 34.
Ra7+ Kf8 35. b7 Rxf2 36. Qxf2 1-0

[Event "Lloyds Bank Masters 14th"]
[Site "London"]
[Date "1990.08.25"]
[Round "8"]
[White "Sher, Miron N"]
[Black "Smagin, Sergey"]
[Result "1/2-1/2"]
[WhiteElo "2485"]
[BlackElo "2550"]
[PlyCount "73"]
[EventDate "1990.08.18"]
[EventType "swiss"]
[EventRounds "10"]
[EventCountry "ENG"]
[SourceTitle "BritBase"]
[Source "John Saunders"]
[SourceDate "2023.05.21"]
[SourceVersion "1"]
[SourceVersionDate "2023.05.21"]
[SourceQuality "1"]

1. c4 Nf6 2. Nc3 e6 3. d4 Bb4 4. Qc2 O-O 5. Nf3 c5 6. dxc5 Na6 7. Bd2 Nxc5 8.
e3 b6 9. Be2 Ba6 10. O-O d5 11. cxd5 Bxe2 12. Nxe2 Bxd2 13. Qxd2 Qxd5 14. Rfd1
Rfd8 15. Qxd5 Rxd5 16. Nc3 Rxd1+ 17. Rxd1 Rc8 18. Kf1 Kf8 19. Rd4 Ncd7 20. Ra4
a5 21. Ke2 e5 22. Nd2 Nc5 23. Rc4 Ra8 24. g4 h6 25. h4 Rd8 26. g5 hxg5 27. hxg5
Nd5 28. Nce4 Nxe4 29. Nxe4 Ke7 30. a3 f5 31. Ng3 g6 32. Rc6 Rd6 33. Rc8 Rd8 34.
Rc6 Rd6 35. Rc8 Rd8 36. Rc1 Rd7 37. Rc6 1/2-1/2

[Event "Lloyds Bank Masters 14th"]
[Site "London"]
[Date "1990.08.25"]
[Round "8"]
[White "Sitnikova, Nina"]
[Black "Plaskett, H James"]
[Result "0-1"]
[WhiteElo "2280"]
[BlackElo "2445"]
[PlyCount "74"]
[EventDate "1990.08.18"]
[EventType "swiss"]
[EventRounds "10"]
[EventCountry "ENG"]
[SourceTitle "BritBase"]
[Source "John Saunders"]
[SourceDate "2023.05.21"]
[SourceVersion "1"]
[SourceVersionDate "2023.05.21"]
[SourceQuality "1"]

1. d4 Nf6 2. c4 c5 3. e3 g6 4. Nf3 Bg7 5. Nc3 O-O 6. Be2 d6 7. O-O b6 8. b3 Bb7
9. Bb2 e6 10. dxc5 bxc5 11. Qc2 Qe7 12. Rfd1 Nc6 13. a3 Rfe8 14. Ng5 Red8 15.
Nge4 Ne8 16. Na4 f5 17. Bxg7 Nxg7 18. Ng3 h5 19. Bf3 g5 20. Nc3 g4 21. Bxc6
Bxc6 22. e4 f4 23. Nf1 e5 24. Nd5 Qg5 25. Nc7 Rac8 26. Nb5 Qe7 27. b4 cxb4 28.
Qb3 Ne6 29. axb4 Bxb5 30. cxb5 Kf8 31. Qd5 Rc3 32. Qd2 Nd4 33. Ra2 Rdc8 34. Rb1
{Time} Qb7 35. Re1 Qxb5 36. Rxa7 Rc2 37. Qd1 Rc1 0-1

[Event "Lloyds Bank Masters 14th"]
[Site "London"]
[Date "1990.08.25"]
[Round "8"]
[White "Velickovic, Sasa"]
[Black "Gallagher, Joseph G"]
[Result "0-1"]
[WhiteElo "2415"]
[BlackElo "2495"]
[PlyCount "70"]
[EventDate "1990.08.18"]
[EventType "swiss"]
[EventRounds "10"]
[EventCountry "ENG"]
[SourceTitle "BritBase"]
[Source "John Saunders"]
[SourceDate "2023.05.21"]
[SourceVersion "1"]
[SourceVersionDate "2023.05.21"]
[SourceQuality "1"]

1. e4 c5 2. b3 Nc6 3. Bb2 d6 4. f4 e5 5. Nf3 exf4 6. Bc4 Be6 7. Qe2 Bxc4 8.
Qxc4 Nf6 9. Nc3 Ne5 10. Qe2 Be7 11. O-O-O Qa5 12. Kb1 Rc8 13. Rhf1 O-O 14. g3
fxg3 15. Nxe5 dxe5 16. hxg3 Qa6 17. Qh2 b5 18. Rf5 b4 19. Na4 c4 20. Qe2 Rc6
21. d3 c3 22. Bc1 Nd7 23. Rdf1 Rf6 24. g4 Rxf5 25. exf5 f6 26. Qe4 Qb5 27. Rd1
Rd8 28. Be3 Nc5 29. Nxc5 Bxc5 30. g5 Bxe3 31. Qxe3 Qb6 32. Qg3 e4 33. d4 fxg5
34. Qe5 Qa6 35. Qxe4 Qa3 0-1

[Event "Lloyds Bank Masters 14th"]
[Site "London"]
[Date "1990.08.25"]
[Round "8"]
[White "Houston, David"]
[Black "Burgess, Graham"]
[Result "1/2-1/2"]
[WhiteElo "2225"]
[BlackElo "2335"]
[PlyCount "54"]
[EventDate "1990.08.18"]
[EventType "swiss"]
[EventRounds "10"]
[EventCountry "ENG"]
[SourceTitle "BritBase"]
[Source "John Saunders"]
[SourceDate "2023.05.21"]
[SourceVersion "1"]
[SourceVersionDate "2023.05.21"]
[SourceQuality "1"]

1. e4 Nf6 2. e5 Nd5 3. d4 d6 4. c4 Nb6 5. exd6 cxd6 6. Be3 g6 7. Nc3 Bg7 8. Rc1
O-O 9. b3 Nc6 10. Be2 e5 11. Nf3 Bg4 12. dxe5 dxe5 13. O-O f5 14. Bc5 Re8 15.
Kh1 Bxf3 16. Bxf3 e4 17. Be2 Bd4 18. Bxd4 Nxd4 19. c5 Nxe2 20. Qxe2 Nd7 21.
Rfd1 Qg5 22. Nb5 Re7 23. Qc4+ Kh8 24. Nd6 Ne5 25. Qd5 Nd3 26. Qd4+ Kg8 27. Qd5+
Kh8 {Source: David Houston via David McAlister. Contributed, 22 July 2021}
1/2-1/2

[Event "Lloyds Bank Masters 14th"]
[Site "London"]
[Date "1990.08.25"]
[Round "8"]
[White "Chandler, Murray G"]
[Black "Meister, Peter"]
[Result "1-0"]
[WhiteElo "2585"]
[BlackElo "2420"]
[PlyCount "81"]
[EventDate "1990.08.18"]
[EventType "swiss"]
[EventRounds "10"]
[EventCountry "ENG"]
[SourceTitle "BritBase"]
[Source "John Saunders"]
[SourceDate "2023.05.21"]
[SourceVersion "1"]
[SourceVersionDate "2023.05.21"]
[SourceQuality "1"]

1. e4 e6 2. d4 d5 3. Nc3 Nc6 4. e5 Nge7 5. Nf3 Nf5 6. Ne2 Be7 7. g3 h5 8. h4 b6
9. Nf4 Qd7 10. c3 a5 11. Ng5 g6 12. Bd3 Bxg5 13. hxg5 Rg8 14. g4 hxg4 15. Qxg4
Ba6 16. Bc2 Na7 17. Qf3 O-O-O 18. Bd2 a4 19. O-O-O Rh8 20. Kb1 Bc4 21. Rde1 c5
22. dxc5 bxc5 23. Qd1 Bb5 24. Nd3 Bxd3 25. Bxd3 c4 26. Bc2 a3 27. b3 Nb5 28.
Qf3 Qc6 29. Ka1 cxb3 30. Bxb3 Kd7 31. Qd3 Rxh1 32. Rxh1 d4 33. Rc1 Ke7 34. cxd4
Rxd4 35. Bb4+ Kd7 36. Qf1 Qb7 37. Bc5 Rh4 38. f4 Rh2 39. Qd3+ Ke8 40. Ba4 Rb2
41. Bxa3 1-0

[Event "Lloyds Bank Masters 14th"]
[Site "London"]
[Date "1990.08.26"]
[Round "9"]
[White "Anagnostopoulos, Dimitrios"]
[Black "McNab, Colin Anderson"]
[Result "1/2-1/2"]
[WhiteElo "2400"]
[BlackElo "2385"]
[PlyCount "80"]
[EventDate "1990.08.18"]
[EventType "swiss"]
[EventRounds "10"]
[EventCountry "ENG"]
[SourceTitle "BritBase"]
[Source "John Saunders"]
[SourceDate "2023.05.21"]
[SourceVersion "1"]
[SourceVersionDate "2023.05.21"]
[SourceQuality "1"]

1. e4 g6 2. d4 d6 3. Nc3 Bg7 4. f4 Nf6 5. Nf3 c5 6. dxc5 Qa5 7. Bd3 Qxc5 8. Qe2
Bg4 9. Be3 Qa5 10. O-O O-O 11. Qe1 Nc6 12. Kh1 Rac8 13. Nd2 Bd7 14. Nb3 Qd8 15.
Qh4 Ng4 16. Bd2 f5 17. Rae1 e6 18. Qxd8 Rfxd8 19. Nb5 Bf8 20. exf5 gxf5 21. c4
Kf7 22. Bc3 a6 23. N5d4 Nxd4 24. Nxd4 Nf6 25. h3 Bg7 26. Kh2 Re8 27. Nf3 Kg8
28. Re2 Nh5 29. Bxg7 Nxf4 30. Bh6 Nxd3 31. Rd1 Nc5 32. Rxd6 Bc6 33. Ng5 Ne4 34.
Rxe6 Rxe6 35. Nxe6 Bd7 36. Ng5 Nxg5 37. Bxg5 Rxc4 38. b3 Re4 39. Rxe4 fxe4 40.
Kg3 Bc6 1/2-1/2

[Event "Lloyds Bank Masters 14th"]
[Site "London"]
[Date "1990.08.26"]
[Round "9"]
[White "Fatin, Tarek"]
[Black "Sher, Miron N"]
[Result "1-0"]
[WhiteElo "2375"]
[BlackElo "2485"]
[PlyCount "59"]
[EventDate "1990.08.18"]
[EventType "swiss"]
[EventRounds "10"]
[EventCountry "ENG"]
[SourceTitle "BritBase"]
[Source "John Saunders"]
[SourceDate "2023.05.21"]
[SourceVersion "1"]
[SourceVersionDate "2023.05.21"]
[SourceQuality "1"]

1. c4 e6 2. Nf3 d5 3. b3 a5 4. Bb2 a4 5. Na3 Nf6 6. g3 Be7 7. Bg2 O-O 8. O-O b6
9. cxd5 axb3 10. axb3 exd5 11. Nc2 Ba6 12. Nfd4 Re8 13. d3 Bf8 14. Qd2 Bb7 15.
Rxa8 Bxa8 16. Nf5 h6 17. Qf4 Nbd7 18. Nce3 Kh7 19. Ra1 Re6 20. Ra7 c6 21. Bh3
g6 22. Nh4 g5 23. Rxd7 Qxd7 24. Qf5+ Kg8 25. Bxf6 gxh4 26. Qg4+ Kh7 27. Qxh4
Bc5 28. Bf5+ Kg8 29. Qxh6 Rxf6 30. Qh7+ 1-0